| 000 | 00418nam a2200157Ia 4500 | ||
|---|---|---|---|
| 008 | 210716s2012 xx 000 0 und d | ||
| 020 | _a9788122433364 | ||
| 041 | _aeng | ||
| 082 | _a519.5 VEER | ||
| 100 | _aVeerachamy, R. | ||
| 245 | _aStatistical methods for management. | ||
| 250 | _a1 | ||
| 260 |
_aNew Delhi _bNew Age International Pvt Ltd _c2012 |
||
| 300 | _a663 | ||
| 650 | _aStatistical Mathematics(519.5) | ||
| 999 |
_c197363 _d197363 |
||